000 02868nam a22002657a 4500
003 Uzh_bibl
008 260507b |||||||| |||| 00| 0 ukr d
020 _a978-966-03-7050-0
_c119.00
040 _bукр.
041 _2ukr
_aukr
080 _a821(477)
090 _a821(477)
_bЧ 46
100 _aЧемерис,Валентин
245 _aСини змієногої богині
_cхудож. оформлювач В. М. Карасик.
_hТекст
260 _aХарків
_bФоліо
_c2016
300 _a666 с.
_fВ опр.
490 _aСерія "Історія України в романах"
520 _aЩо може бути цікавішим за її величність історію? Тільки історія, про яку розповідають небайдуже та неупереджено. Саме так, як це робить Валентин Чемерис (нар. 1936 р.) - відомий український письменник, автор історичних і фантастичних романів, які вже стали культовими, лауреат багатьох літературних премій. У видавництві "Фоліо" вийшли друком його романи "Смерть Атея", "Фортеця на Борисфені", "Ольвія", "Генерали Імперії", "Ордер на любов", "Ярославна", "Ваші пальці пахнуть ладаном", "Марина - цариця московська".<br/><br/>"Сини змієногої богині" - роман-есей, що складається з власне роману та кількох повістей з однією головною героїнею - Скіфією, загадковою і таємничою країною вершників з луками, тією Скіфією, яка у VII столітті до н.е. під дзвін мечів і співи стріл з'явилася на південних теренах України. Легендарна і реальна, повна слави і звитяги, знана нам і незнана, Скіфія воїнів і хліборобів, царів і вождів, чаклунів і знахарів, войовничих амазонок і жриць, земля героїв (Іданфірс, Атей, Скілур) і майстрів неперевершених шедеврів, що й нині дивують і вражають людство...
521 _aДля широкого кола читачів
546 _aукр.
650 _aЛітературно-художнє видання
653 _aТаємнича країна
_aСкіфія
655 _aСучасна проза
_vРоман-есей
942 _2udc
_cBK
999 _c17668
_d17668